02465cam a2200349 a 4500999001700000001000900017003000400026005001700030008004100047010001700088016001800105020004300123020004000166035002400206040007400230050002100304082002100325245009500346260005800441300006800499504005100567505109400618650002301712650003401735650004801769650004801817700003001865700001901895906004501914942003301959952012301992 c27496d2749616276260OSt20170208154617.0100610s2011 enkaf b 001 0 eng  a 20100242057 a0156957832Uk a9780754669746 (hardcover : alk. paper) a0754669742 (hardcover : alk. paper) a(OCoLC)ocn640515432 aDLCcDLCdYDXdERASAdYDXCPdBWXdCDXdRCEdPMCdGZMdUKMGBdS3OdDLC00aN7760b.C65 201100a704.9/47090422200aContemporary art and classical myth /cedited by Isabelle Loring Wallace and Jennie Hirsh. aFarnham, Surrey ;aBurlington, VT :bAshgate,cc2011. axviii, 376 p., [16] p. of chiefly col. plates :bill. ;c26 cm. aIncludes bibliographical references and index.0 aPrologue. Faraway, so close : mythic origins, contemporary art : the case of Kara Walker / Lisa Saltzman -- Myth as meaning. A poetics of becoming : the mythography of Cy Twombly / Craig G. Staff -- Art is glimpsed / Sharon Hecker -- Narcissus, narcosis, neurosis : the visions of Yayoi Kusama / Jody B. Cutler -- The porous space of Bracha L. Ettinger's Eurydices / Marisa Vigneault -- Double take, or theorizing reflection in Felix Gonzalez-Torres / Jennie Hirsh -- Myth as medium. Lichtenstein's Narcissus / Graham Bader -- Philomela as metaphor : sexuality, pornography, and seduction in the textile works of Tracey Emin and Ghada Amer / Giulia Lamoni -- Icarus returned : the falling man and the survival of antiquity / Sharon Sliwinski -- Deep shit : thoughts on Wim Delvoye's Cloaca project / Isabelle Loring Wallace -- Myth as method. A new Parrhasius : Duane Hanson's uncanny realism / Elizabeth Mansfield -- Over and over, again and again / Emma Cocker -- Video art in the House of Hades / Sophie-Isabelle Dufour -- Epilogue. The sphinx unwinds her own sweet self / Joanna Frueh. 0aArt and mythology. 0aMythology, Classical, in art. 0aArt, Moderny20th centuryxThemes, motives. 0aArt, Moderny21st centuryxThemes, motives.1 aWallace, Isabelle Loring.1 aHirsh, Jennie. a7bcbccorignewd1eecipf20gy-gencatlg 2lcccBOOKShN 7760 .C65 2011 00102lcc4070aMUCbMUCcTECHd2017-02-08eDonation (BFA)l0oN 7760 .C65 2011p35013r2018-07-10w2017-02-08yBOOKS